Online
Catalog

La cultura contra el hombre / (Record no. 22985)

MARC details
000 -CABECERA
campo de control de longitud fija 00814nam a2200229 a 4500
001 - NÚMERO DE CONTROL
campo de control 000023489
005 - FECHA Y HORA DE LA ÚLTIMA TRANSACCIÓN
campo de control 20200930022244.0
008 - DATOS DE LONGITUD FIJA--INFORMACIÓN GENERAL
campo de control de longitud fija 101209s1978 mx r 000 | spa d
040 ## - FUENTE DE LA CATALOGACIÓN
Centro catalogador/agencia de origen DO-SdBNP
Lengua de catalogación spa
Centro/agencia transcriptor BNPHU
082 ## - NÚMERO DE LA CLASIFICACIÓN DECIMAL DEWEY
Número de clasificación 309.173
Número de documento/Ítem H521c
049 ## - FONDOS LOCALES (OCLC)
Fondos de biblioteca BNGR
100 1# - ENTRADA PRINCIPAL--NOMBRE DE PERSONA
Nombre de persona Henry, Jules,
Fechas asociadas al nombre 1904-1969
9 (RLIN) 48397
245 13 - MENCIÓN DE TÍTULO
Título La cultura contra el hombre /
Mención de responsabilidad, etc. Jules Henry ; traducción de Francisco González Aramburu.
250 ## - MENCIÓN DE EDICIÓN
Mención de edición 4a ed.
260 ## - PUBLICACIÓN, DISTRIBUCIÓN, ETC.
Lugar de publicación, distribución, etc. Mexico D. F. :
Nombre del editor, distribuidor, etc. Siglo veintiuno Editores,
Fecha de publicación, distribución, etc. 1978.
300 ## - DESCRIPCIÓN FÍSICA
Extensión ix, 437 p. ;
Dimensiones 22 cm.
500 ## - NOTA GENERAL
Nota general Incluye notas al pie de página
651 #4 - PUNTO DE ACCESO ADICIONAL DE MATERIA--NOMBRE GEOGRÁFICO
Nombre geográfico Estados Unidos
Subdivisión general Condiciones Sociales
9 (RLIN) 12474
651 #4 - PUNTO DE ACCESO ADICIONAL DE MATERIA--NOMBRE GEOGRÁFICO
Nombre geográfico Estados Unidos
Subdivisión general Características Nacionales
9 (RLIN) 46144
650 #4 - PUNTO DE ACCESO ADICIONAL DE MATERIA--TÉRMINO DE MATERIA
Término de materia o nombre geográfico como elemento de entrada Estados unidos
Subdivisión general Civilización
9 (RLIN) 48398
700 1# - PUNTO DE ACCESO ADICIONAL--NOMBRE DE PERSONA
Nombre de persona González Aramburu, Francisco,
Término indicativo de función/relación tr.
9 (RLIN) 48399
Holdings
Estado de retiro Estado de pérdida Restricciones de uso No para préstamo Código de colección Localización permanente Ubicación/localización actual Ubicación en estantería Fecha de adquisición Número de inventario Total de préstamos Signatura topográfica completa Código de barras Fecha visto por última vez Precio válido a partir de Tipo de ítem Koha
        Monografías: Libros y Folletos General General En catalogación 09.12.2010 LF1   309.173 H521c 23489-10 25.06.2020 25.06.2020 Préstamo en sala

Powered by Koha